Statystyki dla Rozpoznaj psa z ,,Psi patrol" po kolorze

Kliknij tutaj aby rozwiązać quiz!

Ogólne statystyki

  • Ten quiz został rozwiązany 109 razy
  • Średni wynik to 6 z 8

Statystyki odpowiedzi

KolorPies% Poprawnych
CzerwonyMarshall
96%
ZielonyRocky
91%
PomarańczowyZuma
82%
NiebieskiChase
75%
ŻółtyRubble
72%
Biały, jasnoniebieskiEverest
71%
RóżowySkye
71%
CiemnozielonyTracker
47%

Rozkład punktacji

Percentyl według liczby udzielonych odpowiedzi

Procent ludzi z każdym wynikiem

Twoja historia wyników

Nie rozwiązałeś tego quizu